Central Library OPAC University of Rajshahi

Turkey: an economic appraisal / (Record no. 2899)

MARC details
000 -LEADER
fixed length control field 00861cam a22002651 4500
001 - CONTROL NUMBER
control field 2899
003 - CONTROL NUMBER IDENTIFIER
rucl marc code BD-RjUL
005 - DATE AND TIME OF LATEST TRANSACTION
control field 20211208233635.0
008 - FIXED-LENGTH DATA ELEMENTS--GENERAL INFORMATION
fixed length control field 131217t19681949nyuabc 001 0 eng
035 ## - SYSTEM CONTROL NUMBER
System control number (BD-RjUL)2927
040 ## - CATALOGING SOURCE
Original cataloging agency DLC
Transcribing agency DLC
Modifying agency DLC
Language of cataloging eng
041 ## - LANGUAGE CODE
Language code of text/sound track or separate title eng
082 00 - DEWEY DECIMAL CLASSIFICATION NUMBER
Classification number 330.9561
Edition number 165
Author mark and year THT 1968
100 1# - MAIN ENTRY--PERSONAL NAME
Personal name Thornburg, Max Weston,
Dates associated with a name 1892-
9 (RLIN) 9285
245 10 - TITLE STATEMENT
Title Turkey: an economic appraisal /
Statement of responsibility, etc. Max Weston Thornburg, Graham Spry [and] George Soule.
260 ## - PUBLICATION, DISTRIBUTION, ETC. (IMPRINT)
Place of publication, distribution, etc. New York :
Name of publisher, distributor, etc. Greenwood Press,
Date of publication, distribution, etc. 1968 [c1949]
300 ## - PHYSICAL DESCRIPTION
Pagination xvi, 324 p.
Illustrations illus., fold. map, port.
Size 22 cm.
526 ## - STUDY PROGRAM INFORMATION NOTE
Requested Dept. Economics
651 #0 - SUBJECT ADDED ENTRY--GEOGRAPHIC NAME
Geographic name Turkey
General subdivision Economic conditions
Chronological subdivision 1918-
9 (RLIN) 9286
700 1# - ADDED ENTRY--PERSONAL NAME
Personal name Spry, Graham,
Relator term joint author.
Personal name Soule, George Henry,
Dates associated with a name 1887-1970,
Relator term joint author.
942 ## - ADDED ENTRY ELEMENTS (KOHA)
Source of classification or shelving scheme Dewey Decimal Classification
Koha item type Books
Holdings
Lost status Source of classification or shelving scheme Damaged status Not for loan Collection code Permanent Location Current Location Shelving location Date acquired Source of acquisition Cost, normal purchase price Total Checkouts Full call number Date last seen Copy number Koha item type
  Dewey Decimal Classification   Not For Loan Non-fiction Central Library, University of Rajshahi Central Library, University of Rajshahi Reading Room 28/07/1971 ZEITLINGER 135.00   330.9561 THT 1968 17/12/2013 C-1 Books